Statistics for Pokémon starting with an R (generation 1-7)

Click here to take the quiz!

General Stats

  • This quiz has been taken 4 times
  • The average score is 16 of 28

Answer Stats

GenPokémon% Correct
1Raichu
100%
2Raikou
100%
3Rayquaza
100%
3Relicanth
100%
4Riolu
100%
7Rowlet
100%
3Ralts
67%
4Rampardos
67%
1Raticate
67%
1Rattata
67%
2Remoraid
67%
7Ribombee
67%
5Roggenrola
67%
5Rufflet
67%
1Rapidash
33%
3Regice
33%
4Regigigas
33%
3Regirock
33%
3Registeel
33%
5Reshiram
33%
5Reuniclus
33%
1Rhydon
33%
1Rhyhorn
33%
4Rhyperior
33%
7Rockruff
33%
3Roselia
33%
4Roserade
33%
4Rotom
33%

Score Distribution

Percentile by Number Answered

Percent of People with Each Score

Your Score History

You have not taken this quiz